00301pam a2200121 a 4500020000500000041000500005082002800010100001800038245004400056260004900100300001100149700001900160 c h a658.14999999999998bJAC aJackson, A.S. aFinancial ManagementhTextual Documents aLondonbGeorge G. Harrap And Company Limited a204/PB aTownsend, E.C.